Szervezeti tanulás esettanulmányok a KKV szektorból

Bibliográfiai részletek
Szerző: Sebestyén Gabriella
További közreműködők: Király Dr. Gábor
Dokumentumtípus: Diplomadolgozat
Kulcsszavak:szervezeti tanulás
KKV szektor
szervezeti életciklus
Online Access:http://dolgozattar.uni-bge.hu/17362

MARC

LEADER 00000nta a2200000 i 4500
001 dolg17362
005 20180517095331.0
008 180517suuuu hu om 000 hun d
040 |a BGE Dolgozattár Repozitórium  |b hun 
041 |a hu 
100 1 |a Sebestyén Gabriella 
245 1 0 |a Szervezeti tanulás  |b esettanulmányok a KKV szektorból  |c Sebestyén Gabriella  |h [elektronikus dokumentum] 
695 |a szervezeti tanulás 
695 |a KKV szektor 
695 |a szervezeti életciklus 
700 1 |a Király Dr. Gábor  |e ths 
856 4 0 |u http://dolgozattar.uni-bge.hu/17362/1/sebestyen_gabriella_szakdolgozat_vegleges_scan.pdf  |z Dokumentum-elérés